| 000 | 00763nam a2200217Ia 4500 | ||
|---|---|---|---|
| 001 | 11520 | ||
| 003 | GE_BSU | ||
| 008 | 181216s||||||||xx |||||||||||||| ||und|| | ||
| 040 | _cGE_BSU | ||
| 080 | _a635.6 | ||
| 100 | _aობოლაძე,შოთა. | ||
| 245 | _aსაბოსტნე პარკოსანი კულტურები. | ||
| 245 | _cრედ:ო.ცინცაძე; მხატვ:გ.ქოქიაშვილი. | ||
| 260 | _aთბილისი. | ||
| 260 | _bსაბჭოთა საქართველო. | ||
| 260 | _c1984. | ||
| 300 | _a200გვ;20სმ. | ||
| 300 | _eილ;ცხრ. | ||
| 653 | _aსაბოსტნე პარკოსანი კულტურები. | ||
| 942 | _cBK | ||
| 999 |
_c44715 _d44715 |
||